Cuerpo y subjetividad femenina: salud y género
保存先:
| 第一著者: | |
|---|---|
| フォーマット: | 図書 |
| 言語: | スペイン語 |
| 出版事項: |
Madrid
Siglo Veintiuno de España Editores S. A
1993
|
| 版: | 1a. ed |
| シリーズ: | Salud y Sociedad
|
| 主題: | |
| タグ: |
タグ追加
タグなし, このレコードへの初めてのタグを付けませんか!
|
MARC
| LEADER | 00000cam a2200000 a 4500 | ||
|---|---|---|---|
| 001 | UCE0902 | ||
| 003 | CL-VaPUC | ||
| 008 | 140317e19930500sp |||||||||||||||||spa|d | ||
| 020 | |a 8432307955 | ||
| 082 | 0 | 4 | |a 305.4 |b GON |2 21 |
| 100 | |a González de Chávez Fernández, María Asunción |e author |9 573289 | ||
| 245 | 1 | 0 | |a Cuerpo y subjetividad femenina: salud y género |
| 250 | |a 1a. ed | ||
| 300 | |a 288 p | ||
| 942 | |c BK | ||
| 945 | |d 20140317 10:17:00 |a dcastane | ||
| 260 | |a Madrid |b Siglo Veintiuno de España Editores S. A |c 1993 | ||
| 650 | 0 | |a Mujeres |9 257649 | |
| 650 | 0 | |a Salud mental |9 308393 | |
| 650 | 7 | |a HIGIENE |2 CL-VaPUC |9 573290 | |
| 650 | 7 | |a SALUD HUMANA |2 CL-VaPUC |9 567576 | |
| 583 | |a last modification |c 20140317 10:17:00 |k Rodrigo Vera | ||
| 490 | 0 | |a Salud y Sociedad | |
| 999 | |c 354906 |d 354904 | ||
| 952 | |0 0 |1 0 |3 erb |4 0 |6 305_400000000000000_GON_1993 |7 0 |8 A |9 461131 |a BIBCUR |b BIBCUR |i 5060923 |o 305.4 GON 1993 |p 5060923 |r 2025-04-22 |w 2019-11-23 |y BK |z Catalogado en:20140317 |k PER | ||